000 00723nam a2200241 i 4500
001 C2-0174549
003 PPAK
005 20180728094456.0
008 980921s xx |||| ||||| | may d
040 _aPPAK
_beng
_cPPAK
_erda
082 0 4 _a899.231
_2 23
090 0 0 _a899.231
_bJWA
_dKIH
100 0 _aJumaknoh Abdul Bunga,
_eauthor
245 1 0 _aLaut :
_bbersama koleksi puisi-puisi
264 1 _a[place of publication not identified] :
_b[publisher not identified] ,
_c[date of publication not identified]
300 _aiv, 43 pages ;
_c25 cm
336 _2rdacontent
_atext
337 _2rdamedia
_aunmediated
338 _2rdacarrier
_avolume
650 1 0 _aMalay poetry
700 _eauthor
942 _ddc
_cB
999 _c155332
_d155332